00769 2200253 4500001002100000005001700021008004100038035002400079082001100103090001600114245009100130260004600221300002500267500008400292650002800376700000900404700002400413850001500437980001500452985000600467986001200473999001500485990001500500YOGYA-0209000000348020090227020629.0 ind  0010-020900000003480 a613.79 a613.79bCar aCara mengatasi kesulitan tidur pada anakceditor, Kidd ; penerjemah, Ika Pattinasarawy aYogyakartabYayasan Essentia Medicac1992 a148 hlmbilusc21 cm aJudul asli : On sleep Problems - What to do when your child wan't sleep; indeks aTidur - aspek kesehatan aKIDD aaPATTINASARANY, Ika aYOPDYOG[B] a16-02-2006 a1 aBpRTREV a96P0083720 a83720-P/96